000 00260nam a22001217a 4500
008 180104b xxu||||| |||| 00| 0 eng d
041 _aeng
080 _a82
100 _a21
101 _aGJU
245 _aHUGO VON HOFMANS THAL
_cWER.G
942 _2udc
_cBK
999 _c39737
_d39737